000 00316nam a22001337a 4500
008 170629b xxu||||| |||| 00| 0 eng d
020 _a9780321267634
041 _aeng
080 _a82
100 _a22
101 _aGJL
245 _aWRITING RESEARCH PAPERS IN THE SOCIAL SCIENCES
_cLESTER, J.D
942 _2udc
_cBK
999 _c19536
_d19536